Equipment for the food industry

Guardado en:
Detalles Bibliográficos
Formato: Libro
Lenguaje:Undetermined
Publicado: USA Gordon Johnson Industries 1967
Materias:
Etiquetas: Agregar Etiqueta
Sin Etiquetas, Sea el primero en etiquetar este registro!
Thư viện lưu trữ: Trung tâm Học liệu Trường Đại học Cần Thơ
LEADER 00425nam a2200157Ia 4500
001 CTU_23482
008 210402s9999 xx 000 0 und d
082 |a 016.683 
082 |b E64 
245 0 |a Equipment for the food industry 
260 |a USA 
260 |b Gordon Johnson Industries 
260 |c 1967 
650 |a food industry,machine design 
904 |i Truc 
980 |a Trung tâm Học liệu Trường Đại học Cần Thơ